1000 1733 1497 1853 1744 1139 1455 1577 1558 1584 1602 1702 1853 1825 1359 1897 1061 1049 1770 1029 1454 1379 1262 1683 1904 1603 1968 1900 1810 1312 1232 1529 1837 1852 1479 1121 1049 1843 1456 1132 1793 1865 1039 1580 1488 1019 1100 1013 1125 1544 1746 1538 1165 1107 1906 1981 1975 1459 1609 1864 1931 1818 1431 1969 1697 1160 1178 1238 1078 1966 1584 1683 1792 1573 1180 1498 1320 1141 1146 1306 1622 1286 1165 1144 1869 1228 1055 1011 1052 1247 1021 1343 1059 1091 1594 1049 1864 1016 1859 BCNSPRNW ULIB Ver.6.0+V

เปลี่ยนเป็นภาษาไทย

Change to English
 แสดงรายละเอียดบรรณานุกรม
  กลับหน้าหลัก

Brief Record : Get Marc (ISO 2709) : E-mail record : QR code < ปิดหน้าต่าง
LEADER : 00000nam 2200000uu 4500
001    13399129194
003     ULIB
008    260511s2568||||th 000 0 tha d
020    ^a9786164221185
060  4 ^aWB100^bฟ129
245 0  ^aFrom guidelines to practice: ^bการอบรมระยะสั้นอายุรศาสตร์ในเวชปฏิบัติ ครั้งที่ 26 /^cบรรณาธิการ เนาวนิตย์ นาทา ... [และคนอื่น ๆ].
246 3  ^aการอบรมระยะสั้นอายุรศาสตร์ในเวชปฏิบัติ ครั้งที่ 26
260    ^aกรุงเทพฯ :^bโครงการตำราวิทยาลัยแพทยศาสตร์พระมงกุฎเกล้า,^c2568.
300    ^a560 หน้า
650  4 ^aการรักษาโรค.
650  4 ^aการวินิจฉัยโรค.
650  4 ^aอายุรศาสตร์.
655  4 ^aHealth Sciences Branch.
700 0  ^aกฤษณ์ อุปัชฌาย์,^eบรรณาธิการ.
700 0  ^aชัชวาล อึ้งธรรมคุณ,^eบรรณาธิการ.
700 0  ^aดุจรัตน์ สมบูรณ์วิบูลย์,^eบรรณาธิการ.
700 0  ^aเนาวนิตย์ นาทา,^eบรรณาธิการ.
700 0  ^aวิชัย ประยูรวิวัฒน์,^eบรรณาธิการ.
710 2  ^aโครงการตำราวิทยาลัยแพทยศาสตร์พระมงกุฎเกล้า.
999    ^aประนอม เกษจรัล
รายการนี้ยังไม่มีแท็ก
คุณยังไม่ได้ล็อกอิน คุณสามารถมีกิจกรรมร่วมกับเว็บไซต์ได้ แต่ต้องล็อกอินก่อน ::
  ล็อกอิน

รายการสื่อสารสนเทศ

ลำดับที่ ประเภท เลขเรียก/บาร์โค้ด สถานที่ สถานะ
1. วิทยาศาสตร์การแพทย์ และสุขภาพ
หนังสือสำรอง
สถานะ=หนังสือสำรอง
WB100 ฟ129 ฉ.1 
  Barcode: 012096
ห้องสมุดวิทยาเขตสวรรค์ประชารักษ์
►หนังสือทั่วไป
บนชั้น
2. วิทยาศาสตร์การแพทย์ และสุขภาพ
วิทยาศาสตร์การแพทย์ และสุขภาพ
WB100 ฟ129 ฉ.2 
  Barcode: 012097
ห้องสมุดวิทยาเขตสวรรค์ประชารักษ์
►หนังสือทั่วไป
บนชั้น
3. วิทยาศาสตร์การแพทย์ และสุขภาพ
วิทยาศาสตร์การแพทย์ และสุขภาพ
WB100 ฟ129 ฉ.3 
  Barcode: 012098
ห้องสมุดวิทยาเขตสวรรค์ประชารักษ์
►หนังสือทั่วไป
บนชั้น
4. วิทยาศาสตร์การแพทย์ และสุขภาพ
วิทยาศาสตร์การแพทย์ และสุขภาพ
WB100 ฟ129 ฉ.4 
  Barcode: 012099
ห้องสมุดวิทยาเขตสวรรค์ประชารักษ์
►หนังสือทั่วไป
บนชั้น
5. วิทยาศาสตร์การแพทย์ และสุขภาพ
วิทยาศาสตร์การแพทย์ และสุขภาพ
WB100 ฟ129 ฉ.5 
  Barcode: 012100
ห้องสมุดวิทยาเขตสวรรค์ประชารักษ์
►หนังสือทั่วไป
บนชั้น

รายการใกล้เคียง
    หัวเรื่อง [การรักษาโรค.]
    หัวเรื่อง [การวินิจฉัยโรค.]
    หัวเรื่อง [อายุรศาสตร์.]

BibComment


ยังไม่เคยถูกคอมเมนท์

คอมเมนท์ทรัพยากรรายการนี้
  คอมเมนท์: From guidelines ..


 Copyright 2026. Bcnsprnw @Library